Молочные продукты в СССР и за рубежом (Запись № 5544518)
[ простой вид ]
| 000 -МАРКЕР | |
|---|---|
| контрольное поле | 01202nam1a22002411i 4500 |
| 001 - ИДЕНТИФИКАТОР ЗАПИСИ | |
| контрольное поле | rc\1151593 |
| 005 - ИДЕНТИФИКАТОР ВЕРСИИ | |
| контрольное поле | 20260407151236.0 |
| 035 ## - ДРУГИЕ СИСТЕМНЫЕ НОМЕРА | |
| Идентификатор записи | (NLR Aleph) 006430641 |
| 100 ## - ДАННЫЕ ОБЩЕЙ ОБРАБОТКИ | |
| Данные общей обработки | 20041129d1980 u |0rusy50 ca |
| 101 0# - ЯЗЫК РЕСУРСА | |
| Язык текста, звукозаписи и т.д. | русский |
| 102 ## - СТРАНА ПУБЛИКАЦИИ ИЛИ ПРОИЗВОДСТВА | |
| Страна публикации | Российская Федерация |
| 105 ## - ПОЛЕ КОДИРОВАННЫХ ДАННЫХ: ТЕКСТОВЫЕ МАТЕРИАЛЫ, МОНОГРАФИЧЕСКИЕ | |
| Кодированные данные о монографическом текстовом документе | y ||||||||| |
| 200 1# - ЗАГЛАВИЕ И СВЕДЕНИЯ ОБ ОТВЕТСТВЕННОСТИ | |
| Основное заглавие | Молочные продукты в СССР и за рубежом |
| Первые сведения об ответственности | [Л.Ф. Табачникова, Н.А. Сидоренко, Л.И. Некрасова, к. т. н. И.Я. Шеломкова] |
| 210 ## - ПУБЛИКАЦИЯ, РАСПРОСТРАНЕНИЕ И ДР. | |
| Имя издателя, распространителя и т. д. | ЦНИИТЭИмясомолпром |
| Дата издания, распространения и т.д. | 1980 |
| 215 ## - ФИЗИЧЕСКАЯ ХАРАКТЕРИСТИКА | |
| Размеры | 21 |
| 225 1# - СЕРИЯ | |
| Основное заглавие серии | Обзорная информация |
| Сведения об ответственности | М-во мяс. и молоч. пром-сти СССР, ЦНИИ информ. и техн.-экон. исслед. |
| Наименование части | Цельномолочная промышленность |
| 701 #1 - ИМЯ ЛИЦА - АЛЬТЕРНАТИВНАЯ ОТВЕТСТВЕННОСТЬ | |
| Начальный элемент ввода | Табачникова |
| Часть имени, кроме начального элемента ввода | Л.Ф. |
| 712 02 - НАИМЕНОВАНИЕ ОРГАНИЗАЦИИ - ВТОРИЧНАЯ ОТВЕТСТВЕННОСТЬ | |
| Начальный элемент ввода | ЦНИИ информации и технико-экономических исследований Министерства мясной и молочной промышленности СССР |
| Идентификатор авторитетной/нормативной записи | RU\NLR\AUTH\8810026384 |
| Системный номер авторитетной/нормативной записи | 550975 |
| 801 #0 - ИСТОЧНИК ЗАПИСИ | |
| Страна | Российская Федерация |
| Организация | NLR |
| Правила каталогизации | psbo |
| 801 #1 - ИСТОЧНИК ЗАПИСИ | |
| Страна | Российская Федерация |
| Организация | ELAR |
| Источник данных | rusmarc |
| 852 ## - МЕСТОНАХОЖДЕНИЕ И ШИФР ХРАНЕНИЯ | |
| Идентификатор организации | NLR |
| Шифр хранения (Call Number) | 80-4/25200 |
| 942 ## - ДОПОЛНИТЕЛЬНЫЕ ЭЛЕМЕНТЫ ЗАПИСИ (АБИС) | |
| Тип экземпляра АБИС | Книга |
Нет доступных экземпляров.